00531nas a2200229 4500000000100000008004100001260001300042653002900055653001000084653002800094653001100122653001200133653000900145653001600154653002000170100001400190700001400204245005200218300001000270490000700280022001400287 1982 d c1982 Sep10aCarcinoma, Squamous Cell10aCheek10aDiagnosis, Differential10aHumans10aleprosy10aMale10aMiddle Aged10aMouth Neoplasms1 aSelliah K1 aAyasamy A00aAn unusual presentation of lepramatous leprosy. a213-40 v37 a0300-5283